[Event "Bezmerov 2014 - Open A"]
[Site "Bezmerov"]
[Date "2014.07.18"]
[Round "4"]
[White "Gnojek, Petr"]
[Black "Mica, Marek"]
[Result "1-0"]
[WhiteElo "1568"]
[BlackElo "1457"]
[LiveChessVersion "1.4.2"]

1. d4 d5 2. c4 c6 3. e3 Nf6 4. Nf3 e6 5. Nc3 Bb4 6. Bd2 Nbd7 7. Qb3 Be7 8. Be2
b6 9. O-O O-O 10. Rfe1 Bb7 11. Bd3 c5 12. e4 cxd4 13. Nxd4 Nc5 14. Qc2 dxc4
15. Nxe6 cxd3 16. Nxd8 dxc2 17. Nxb7 Nxb7 18. e5 Nd7 19. Rac1 Ndc5 20. Rxc2 Rac8
21. Nd5 Rce8 22. b4 Ne6 23. f4 Bd8 24. g4 Nd4 25. Rc3 f6 26. Kh1 fxe5 27. fxe5
Nf3 28. Rd1 Rxe5 29. Bf4 Re1+ 30. Rxe1 Nxe1 31. Kg1 g5 32. Bg3 Nf3+ 33. Kg2 Nd4
34. Be5 Nb5 35. Rd3 N5d6 36. Ne3 Nf7 37. Bc3 Nfd6 38. Be5 Nf7 39. Bc3 Re8
40. Kf2 Nbd6 41. Bd4 Bc7 42. Nd5 Ne4+ 43. Kg2 Bb8 44. Re3 Bf4 45. Rxe4 Rxe4
46. Nf6+ Kf8 47. Nxe4 h6 48. Nf6 Be5 49. Nd7+ Ke7 50. Nxe5 Nd6 51. Nc6+ Kd7
52. Nxa7 Kc7 53. a4 Nf7 54. a5 bxa5 55. bxa5 Kb7 56. Kf3 Ka6 57. Nc6 Kb5 58. Ne5
Nd6 59. Nd7 Kxa5 60. Bg7 Nf7 61. Ne5 Nxe5+ 62. Bxe5 Kb5 63. Bg7 Kc6 64. Bxh6 Kd7
65. Bxg5 Ke8 66. h4 Kf7 67. h5 Kg8 68. Kf4 Kh7 69. Kf5 Kg7 70. Bf6+ Kh7 71. g5
Kg8 72. g6 Kf8 73. h6 Kg8 74. h7+ 1-0

[Event "Bezmerov 2014 - Open A"]
[Site "Bezmerov"]
[Date "2014.07.18"]
[Round "4"]
[White "Slaba, Andrea"]
[Black "Demko, Robert"]
[Result "0-1"]
[WhiteElo "1331"]
[BlackElo "1536"]
[LiveChessVersion "1.4.2"]

1. d4 d5 2. c4 dxc4 3. e3 e6 4. Bxc4 c5 5. Nf3 cxd4 6. Qxd4 Qxd4 7. Nxd4 Nf6
8. Nc3 Be7 9. Ncb5 Na6 10. O-O Bd7 11. Nc3 Nc7 12. Bb3 O-O-O 13. Nf3 Nb5 14. Bd2
Kb8 15. Rac1 Bc6 16. Rfd1 Bxf3 17. gxf3 Nxc3 18. Bxc3 Rxd1+ 19. Rxd1 Rd8
20. Rxd8+ Bxd8 21. Kf1 Kc7 22. Ke2 Kc6 23. Kd3 g6 24. Ba4+ b5 25. Bb3 Nd5
26. Bxd5+ Kxd5 27. e4+ Kc6 28. b3 f5 29. Bd4 a6 30. Kc3 Ba5+ 31. b4 Bc7 32. h3
Bf4 33. Kd3 Kd6 34. Bc5+ Kc6 35. Bd4 Bd6 36. a3 Bf4 37. Be3 Be5 38. Bd4 Bd6
39. Kc3 e5 40. Be3 f4 41. Bd2 Kd7 42. Kd3 Ke7 43. Ke2 Kf6 44. Kf1 Kg5 45. Kg2
Kh4 46. Bc3 h5 47. Be1 Bc7 48. Bc3 g5 49. Bb2 g4 50. hxg4 hxg4 51. fxg4 Kxg4
52. f3+ Kg5 53. Bc3 Kf6 54. Kf2 Bb6+ 55. Ke2 Be3 56. Bd2 Bxd2 57. Kxd2 Kg5
58. Ke1 Kh4 59. Kf2 Kh3 60. Ke1 Kg2 61. Ke2 Kg3 0-1

[Event "Bezmerov 2014 - Open A"]
[Site "Bezmerov"]
[Date "2014.07.18"]
[Round "4"]
[White "Vavrinkova, Eliska"]
[Black "Vanduyfhuys, Daria"]
[Result "1-0"]
[WhiteElo "1472"]
[BlackElo "1000"]
[LiveChessVersion "1.4.2"]

1. d4 d5 2. Nf3 Nc6 3. Bf4 f6 4. c4 e6 5. Nc3 Bb4 6. e3 Bd7 7. a3 Bxc3+ 8. bxc3
Nge7 9. Bg3 Ng6 10. cxd5 exd5 11. Qb3 Be6 12. Qxb7 Nce7 13. Bxc7 Qc8 14. Ba6 O-O
15. Qxc8 Bxc8 16. Bxc8 Raxc8 17. Ba5 Nc6 18. Bb4 Rf7 19. O-O Rfc7 20. Bc5 Nf8
21. Nd2 Ne6 22. Nb3 Rb8 23. Bb4 Nxb4 24. cxb4 Rbc8 25. Nc5 Nd8 26. a4 Nb7
27. Nxb7 Rxb7 28. b5 Kf7 29. Rfc1 Re8 30. Rc5 Ke6 31. Rac1 Reb8 32. Rc7 Rxc7
33. Rxc7 a6 34. Rc6+ Kd7 35. Rxa6 Rc8 36. g3 Ke8 37. b6 Rc1+ 38. Kg2 Rb1 39. a5
Rb5 40. Ra8+ Kf7 41. Ra7+ Ke8 42. b7 Kd8 43. a6 Kc7 44. Ra8 Rb6 45. Rc8+ Kd7
46. b8=Q Rxb8 47. Rxb8 1-0

[Event "Bezmerov 2014 - Open A"]
[Site "Bezmerov"]
[Date "2014.07.18"]
[Round "4"]
[White "Pechacek, Tomas"]
[Black "Bosak, Rene"]
[Result "1-0"]
[WhiteElo "1297"]
[BlackElo "1279"]
[LiveChessVersion "1.4.2"]

1. e4 e5 2. Nf3 Nc6 3. Nc3 Nf6 4. Bb5 Bb4 5. Bxc6 dxc6 6. d3 Bd6 7. Bg5 O-O
8. h3 Qe7 9. O-O Be6 10. d4 exd4 11. Qxd4 Rad8 12. e5 Qe8 13. Bxf6 gxf6 14. exd6
Rxd6 15. Qh4 Qd7 16. Ne4 Rd4 17. Nxf6+ Kh8 18. Qxh7# 1-0

[Event "Bezmerov 2014 - Open A"]
[Site "Bezmerov"]
[Date "2014.07.18"]
[Round "4"]
[White "Richvalsky, Patrik"]
[Black "Machacek, Lukas"]
[Result "1/2-1/2"]
[WhiteElo "1345"]
[BlackElo "1201"]
[LiveChessVersion "1.4.2"]

1. e4 e6 2. Nf3 d5 3. exd5 exd5 4. Bb5+ Bd7 5. Qe2+ Be7 6. O-O Nf6 7. Bxd7+
Nbxd7 8. Re1 Nc5 9. Qb5+ Nfd7 10. Qe2 Ne6 11. d3 O-O 12. Nc3 Nf6 13. Bg5 Re8
14. Bxf6 Bxf6 15. h3 Nd4 16. Qxe8+ Qxe8 17. Rxe8+ Rxe8 18. Nxd4 Bxd4 19. Kf1 c6
20. Re1 Kf8 21. Rxe8+ Kxe8 22. Ke2 Ke7 23. Nd1 Ke6 24. f4 h6 25. g4 g6 26. b3 f5
27. Kf3 1/2-1/2

[Event "Bezmerov 2014 - Open A"]
[Site "Bezmerov"]
[Date "2014.07.18"]
[Round "4"]
[White "Bastincova, Hana"]
[Black "Stalmach, Richard"]
[Result "0-1"]
[WhiteElo "1250"]
[BlackElo "1601"]
[LiveChessVersion "1.4.2"]

1. e4 e6 2. Nc3 d5 3. exd5 exd5 4. Nf3 Nf6 5. d3 d4 6. Nb5 c5 7. Bf4 Nd5
8. Bxb8 Rxb8 9. Nxa7 Bd7 10. a4 Qa5+ 11. Nd2 Qxa7 12. Be2 Bd6 13. O-O O-O
14. Ne4 Bc7 15. c4 Nf4 16. Bg4 f5 17. Bf3 fxe4 18. dxe4 Qa6 19. b3 Qf6 20. g3
Bh3 21. Re1 Ng6 22. Qd3 Ne5 23. Qd1 Nxf3+ 24. Qxf3 Qxf3 25. Rf1 Qg2# 0-1

[Event "Bezmerov 2014 - Open A"]
[Site "Bezmerov"]
[Date "2014.07.18"]
[Round "4"]
[White "Odstrcil, Lukas"]
[Black "Vecera, Dominik"]
[Result "1-0"]
[WhiteElo "1585"]
[BlackElo "1268"]
[LiveChessVersion "1.4.2"]

1. e4 e5 2. Nf3 Nc6 3. Nc3 Nf6 4. Bb5 Bb4 5. O-O O-O 6. d3 d6 7. Bxc6 bxc6
8. Qe2 Bg4 9. h3 Bh5 10. Bg5 Bxc3 11. bxc3 Rb8 12. Rab1 Qe7 13. Rb3 Rb6 14. Rfb1
Rfb8 15. Be3 c5 16. Bg5 h6 17. Bd2 c6 18. R1b2 Qe6 19. g4 Bg6 20. Nh4 h5 21. Nf5
Bxf5 22. gxf5 Qe7 23. Bg5 Qd8 24. Bxf6 Qxf6 25. Qxh5 Qh6 26. Qxh6 gxh6 27. Rxb6
Rxb6 28. Rxb6 axb6 29. a4 Kf8 30. Kg2 Ke7 31. Kg3 Kf6 32. Kg4 d5 33. f4 dxe4
34. dxe4 exf4 35. Kxf4 h5 36. e5+ Kg7 37. Kg5 h4 38. Kxh4 c4 39. Kg5 c5 40. h4
Kf8 41. Kf6 Kg8 42. e6 fxe6 43. fxe6 Kf8 44. h5 b5 45. axb5 Ke8 46. e7 Kd7
47. Kf7 1-0

[Event "Bezmerov 2014 - Open A"]
[Site "Bezmerov"]
[Date "2014.07.19"]
[Round "5"]
[White "Gresova, Zuzana"]
[Black "Gnojek, Petr"]
[Result "1-0"]
[WhiteElo "1581"]
[BlackElo "1568"]
[LiveChessVersion "1.4.2"]

1. e4 c5 2. Nf3 d6 3. d4 cxd4 4. Nxd4 Nf6 5. Nc3 a6 6. g3 e5 7. Nde2 Be6 8. Bg2
Be7 9. O-O O-O 10. h3 Qd7 11. g4 Nc6 12. Ng3 Rfd8 13. Nd5 Bxd5 14. exd5 Na7
15. Nf5 Bf8 16. Bg5 Be7 17. h4 h6 18. Be3 Bf8 19. f3 Qb5 20. f4 Rac8 21. Bxa7 b6
22. g5 hxg5 23. fxg5 Nh7 24. Be4 Ra8 25. Qf3 Rxa7 26. Nh6+ gxh6 27. Qf5 f6
28. g6 Rg7 29. Kh1 Ng5 30. hxg5 fxg5 31. Qe6+ Kh8 32. Rf7 Qe8 33. Qf6 Kg8
34. Rf1 Rc8 35. Bf5 Qa4 36. Rxf8+ Rxf8 37. Be6+ Rgf7 38. Bxf7+ Rxf7 39. Qxf7+
Kh8 40. Qf8# 1-0

[Event "Bezmerov 2014 - Open A"]
[Site "Bezmerov"]
[Date "2014.07.19"]
[Round "5"]
[White "Demko, Robert"]
[Black "Vavrinkova, Eliska"]
[Result "1-0"]
[WhiteElo "1536"]
[BlackElo "1472"]
[LiveChessVersion "1.4.2"]

1. d4 d5 2. c4 c6 3. cxd5 cxd5 4. Nc3 e6 5. Nf3 Nf6 6. Bg5 Be7 7. e3 O-O 8. Bd3
h6 9. Bh4 Nc6 10. O-O b6 11. Rc1 Bb7 12. Qe2 Nb4 13. Bb1 Ba6 14. Nb5 Qd7 15. a4
Rac8 16. Ne5 Qb7 17. Qf3 Bxb5 18. axb5 Rxc1 19. Rxc1 Rc8 20. Qd1 Rc7 21. Bg3
Rxc1 22. Qxc1 Nh5 23. Nc6 Nxc6 24. Qxc6 1-0

[Event "Bezmerov 2014 - Open A"]
[Site "Bezmerov"]
[Date "2014.07.19"]
[Round "5"]
[White "Stalmach, Richard"]
[Black "Pechacek, Tomas"]
[Result "1-0"]
[WhiteElo "1601"]
[BlackElo "1297"]
[LiveChessVersion "1.4.2"]

1. d4 d5 2. c4 e6 3. Nc3 Nc6 4. Nf3 Nf6 5. Bf4 Bd6 6. Bg3 Bxg3 7. hxg3 O-O
8. e3 Bd7 9. Ne5 Qe7 10. f4 h6 11. Be2 Rab8 12. g4 dxc4 13. Bxc4 Nh7 14. Bd3
Nxe5 15. dxe5 Bc6 16. Qc2 f5 17. gxf5 Rfd8 18. f6 Nxf6 19. exf6 Qxf6 20. O-O-O
Kf8 21. Rh2 Rd7 22. g4 Rbd8 23. g5 hxg5 24. Rh8+ Ke7 25. Rxd8 Rxd8 26. Rf1 Rh8
27. Ne4 Bxe4 28. Qxc7+ Ke8 29. Bxe4 Rh2 30. Qc8+ Ke7 31. Qxb7+ Ke8 32. Qb8+ Ke7
33. Qxa7+ Ke8 34. Qa8+ Ke7 35. Qb7+ Ke8 36. Bc6+ Kf8 37. Qc8+ Ke7 38. Qd7+ Kf8
39. Qe8# 1-0

[Event "Bezmerov 2014 - Open A"]
[Site "Bezmerov"]
[Date "2014.07.19"]
[Round "5"]
[White "Vavrinkova, Anna"]
[Black "Odstrcil, Lukas"]
[Result "1/2-1/2"]
[WhiteElo "1246"]
[BlackElo "1585"]
[LiveChessVersion "1.4.2"]

1. e4 e6 2. d4 d5 3. exd5 exd5 4. Nf3 Nf6 5. Bd3 Bg4 6. h3 Bh5 7. O-O Be7
8. Re1 O-O 9. Bg5 Nbd7 10. Nbd2 c6 11. Nf1 Bd6 12. Ne3 Qc7 13. Nf5 Bf4 14. Bxf4
Qxf4 15. Kh1 Rfe8 16. Qd2 Qxd2 17. Nxd2 Bg6 18. Nf3 Re6 19. Ng5 Ree8 20. Ne7+
Kf8 21. Nxg6+ hxg6 22. Re3 Rxe3 23. fxe3 Re8 24. Re1 c5 25. c3 c4 26. Bc2 b5
27. b4 Nh5 28. Kh2 Nf4 29. Rf1 Nf6 30. exf4 Re3 31. Rc1 Rxc3 32. Nxf7 Rxc2
33. Rxc2 Kxf7 34. Kg1 Nh5 35. a3 Kf6 36. Rf2 Ng3 37. Kh2 Nf5 38. Rd2 Nd6 1/2-1/2

[Event "Bezmerov 2014 - Open A"]
[Site "Bezmerov"]
[Date "2014.07.19"]
[Round "5"]
[White "Mica, Marek"]
[Black "Richvalsky, Patrik"]
[Result "1/2-1/2"]
[WhiteElo "1457"]
[BlackElo "1345"]
[LiveChessVersion "1.4.2"]

1. d4 d5 2. c4 e6 3. Nc3 Nf6 4. Nf3 Bb4 5. Bg5 Nbd7 6. e3 h6 7. Bh4 O-O 8. Bd3
Re8 9. O-O Be7 10. Qc2 dxc4 11. Bxc4 c6 12. Rfd1 Nd5 13. Bxe7 Qxe7 14. Bd3 N7f6
15. Ne5 Rd8 16. a3 Nd7 17. Nxd7 Bxd7 18. Ne4 Nf6 19. Nc5 Bc8 20. b4 Nd5 21. Rac1
Rb8 22. h3 Qd6 23. Ne4 Qe7 24. Nc5 Qd6 25. Ne4 Qe7 26. Qc5 Qxc5 27. Nxc5 Bd7
28. Nxd7 Rxd7 29. Rc5 Rc8 30. Rdc1 Rdc7 31. Kf1 Kf8 32. Ke2 Ke7 33. g3 g5 34. e4
Nb6 35. f3 Nd7 36. R5c2 f6 37. Ke3 Kd6 38. f4 gxf4+ 39. gxf4 e5 40. Rg1 exd4+
41. Kxd4 c5+ 42. bxc5+ Rxc5 43. Rgc1 Rxc2 44. Rxc2 Rxc2 45. Bxc2 b5 46. Bd3 a6
47. Be2 Kc6 48. e5 fxe5+ 49. fxe5 a5 50. Bf3+ Kc7 51. e6 Nf6 52. Ke5 Ne8 53. Bd5
b4 54. a4 Kd8 55. Kd4 Nc7 56. Bb3 Ke7 57. Ke5 Na6 58. Kd5 Nc7+ 1/2-1/2

[Event "Bezmerov 2014 - Open A"]
[Site "Bezmerov"]
[Date "2014.07.19"]
[Round "5"]
[White "Machacek, Lukas"]
[Black "Tajovsky, Matej"]
[Result "0-1"]
[WhiteElo "1201"]
[BlackElo "1447"]
[LiveChessVersion "1.4.2"]

1. e4 c5 2. Nf3 d6 3. d4 cxd4 4. Nxd4 Nf6 5. Nc3 e6 6. Bg5 Be7 7. f4 a6 8. Qf3
h6 9. Bxf6 Bxf6 10. O-O-O Nc6 11. Nxc6 bxc6 12. e5 Be7 13. exd6 Bf6 14. Qxc6+
Bd7 15. Qf3 Rb8 16. Bxa6 Qb6 17. Bb5 Bxb5 18. Nxb5 Qxb5 19. d7+ Ke7 20. b3 Rhd8
21. a4 Qc5 22. Rd3 Rxd7 23. Rxd7+ Kxd7 24. Qd3+ Ke7 25. Rd1 Qa3+ 26. Kd2 Rd8 0-1

[Event "Bezmerov 2014 - Open A"]
[Site "Bezmerov"]
[Date "2014.07.19"]
[Round "5"]
[White "Vemola, Stepan"]
[Black "Koci, Tomas"]
[Result "0-1"]
[WhiteElo "1378"]
[BlackElo "1364"]
[LiveChessVersion "1.4.2"]

1. e4 e6 2. f4 d5 3. e5 c5 4. Nf3 Nc6 5. d4 cxd4 6. Nxd4 Nxd4 7. Qxd4 Bd7
8. Nc3 f6 9. Be3 b6 10. Ba6 Bc5 11. Qd3 Qc7 12. O-O-O fxe5 13. Nb5 Qb8 14. Rhf1
Ne7 15. fxe5 Nc6 16. Bxc5 bxc5 17. Nd6+ Ke7 18. Bb7 Nxe5 19. Qa6 Qxd6 20. Qxd6+
Kxd6 21. Bxa8 Rxa8 22. c3 Bb5 23. Rf4 Nd3+ 24. Rxd3 Bxd3 25. Rf7 g5 26. Kd2 Bg6
27. Kd1 0-1

[Event "Bezmerov 2014 - Open A"]
[Site "Bezmerov"]
[Date "2014.07.19"]
[Round "5"]
[White "Seleng, Simon"]
[Black "Jancik, Radim"]
[Result "1/2-1/2"]
[WhiteElo "1349"]
[BlackElo "1335"]
[LiveChessVersion "1.4.2"]

1. e4 e5 2. Nf3 Nc6 3. Bc4 Be7 4. Nc3 Nf6 5. d3 d6 6. Be3 Be6 7. Bb3 Bxb3
8. axb3 O-O 9. O-O d5 10. exd5 Nxd5 11. Nxd5 Qxd5 12. d4 exd4 13. Nxd4 Bf6
14. Nxc6 Qxc6 15. c3 a6 16. Qg4 Qe6 17. Qxe6 fxe6 18. Rad1 Rad8 19. Rfe1 Rxd1
20. Rxd1 Rd8 21. Re1 Kf7 22. Kf1 Ke7 23. Ke2 Kd6 24. Rd1+ Kc6 25. Rxd8 Bxd8
26. Bd4 Bf6 27. Bxf6 gxf6 28. Ke3 Kd5 29. g4 b5 30. f4 c5 31. h4 h6 32. h5 e5
33. f5 a5 34. Kd3 c4+ 35. bxc4+ bxc4+ 36. Ke3 a4 37. Kf3 1/2-1/2

[Event "Bezmerov 2014 - Open A"]
[Site "Bezmerov"]
[Date "2014.07.19"]
[Round "6"]
[White "Demko, Robert"]
[Black "Gresova, Zuzana"]
[Result "1/2-1/2"]
[WhiteElo "1536"]
[BlackElo "1581"]
[LiveChessVersion "1.4.2"]

1. d4 d5 2. c4 c6 3. cxd5 cxd5 4. Nc3 Nc6 5. Nf3 Nf6 6. Bg5 e6 7. e3 Bb4 8. Qc2
Bd7 9. Bd3 h6 10. Bh4 Rc8 11. Qd2 a6 12. O-O O-O 13. Rac1 Qe7 14. a3 Ba5 15. b4
Bc7 16. Qb2 b5 17. Rc2 Bd6 18. Rfc1 Rc7 19. Ne2 Rfc8 20. Ne5 Be8 21. Ng4 Kh8
22. Bxf6 gxf6 23. Ng3 1/2-1/2

[Event "Bezmerov 2014 - Open A"]
[Site "Bezmerov"]
[Date "2014.07.19"]
[Round "6"]
[White "Tajovsky, Matej"]
[Black "Stalmach, Richard"]
[Result "0-1"]
[WhiteElo "1447"]
[BlackElo "1601"]
[LiveChessVersion "1.4.2"]

1. e4 e6 2. d4 d5 3. exd5 exd5 4. Bd3 Nf6 5. Ne2 c6 6. c3 Bd6 7. O-O Qc7 8. h3
O-O 9. Bg5 Nbd7 10. Nd2 h6 11. Bh4 Re8 12. c4 b6 13. Rc1 Ba6 14. Nf3 Rac8
15. Qd2 Qb7 16. b4 Ne4 17. Qb2 Bxc4 18. Bxc4 dxc4 19. Rxc4 Qa6 20. Rfc1 Nef6
21. Bg3 Bxg3 22. Nxg3 b5 23. R4c2 Nd5 24. Nf5 Re6 25. Ne1 N7b6 26. Nd3 Nc4
27. Rxc4 bxc4 28. Nc5 c3 29. Qb3 Qe2 30. Nxe6 fxe6 31. Ne3 Rf8 32. Rc2 Qe1+
33. Nf1 Rf4 34. Qc4 Qd1 35. Re2 Rxd4 36. Qa6 c2 37. Qc8+ Kh7 38. Qxe6 Qxf1+
39. Kxf1 c1=Q+ 40. Re1 Qc4+ 41. Kg1 Rf4 42. g3 Rf6 43. Qc8 Qxa2 44. f4 Nxf4
45. gxf4 Rg6+ 0-1

[Event "Bezmerov 2014 - Open A"]
[Site "Bezmerov"]
[Date "2014.07.19"]
[Round "6"]
[White "Gnojek, Petr"]
[Black "Koci, Tomas"]
[Result "1/2-1/2"]
[WhiteElo "1568"]
[BlackElo "1364"]
[LiveChessVersion "1.4.2"]

1. d4 d5 2. c4 c6 3. e3 Nf6 4. Nf3 g6 5. Nc3 Bg7 6. cxd5 cxd5 7. Bd3 O-O 8. O-O
a6 9. Qc2 Nc6 10. a3 Qc7 1/2-1/2

[Event "Bezmerov 2014 - Open A"]
[Site "Bezmerov"]
[Date "2014.07.19"]
[Round "6"]
[White "Odstrcil, Lukas"]
[Black "Bosak, Rene"]
[Result "0-1"]
[WhiteElo "1585"]
[BlackElo "1279"]
[LiveChessVersion "1.4.2"]

1. e4 e5 2. Nf3 Nc6 3. Nc3 Nf6 4. Bb5 Bb4 5. O-O d6 6. d4 O-O 7. Bxc6 bxc6
8. Bg5 Qe7 9. h3 Bxc3 10. bxc3 Qe6 11. Bxf6 Qxf6 12. Qe2 Qg6 13. Kh1 Rb8
14. Rab1 Rb6 15. dxe5 dxe5 16. Nxe5 Qe6 17. Nc4 Ba6 18. Rxb6 cxb6 19. Qg4 Qxg4
20. hxg4 Bxc4 21. a3 Bxf1 22. Kg1 Be2 23. f3 Bd1 24. Kf2 Bxc2 25. Ke3 Rd8
26. Ke2 Rd3 27. g3 Rxc3 28. Kd2 Rc5 29. Ke3 Rc3+ 30. Kd2 Rxf3 31. Kxc2 Rxa3
32. Kd2 Rxg3 33. Ke2 Rxg4 34. Kf3 h5 35. Ke3 h4 36. Kf3 a5 37. Kxg4 a4 38. Kxh4
a3 39. e5 a2 40. e6 fxe6 41. Kg4 a1=Q 42. Kf4 e5+ 43. Ke4 Kf7 44. Ke3 Qd4+
45. Ke2 e4 46. Ke1 Qd3 47. Kf2 e3+ 48. Ke1 Qd2+ 49. Kf1 Qf2# 0-1

[Event "Bezmerov 2014 - Open A"]
[Site "Bezmerov"]
[Date "2014.07.19"]
[Round "6"]
[White "Vavrinkova, Eliska"]
[Black "Vavrinkova, Anna"]
[Result "1/2-1/2"]
[WhiteElo "1472"]
[BlackElo "1246"]
[LiveChessVersion "1.4.2"]

1. d4 d5 2. Nf3 Nf6 3. c4 c6 4. Nc3 Bf5 5. Bg5 Nbd7 6. e3 e6 7. cxd5 cxd5
8. Bd3 Bxd3 9. Qxd3 Bd6 10. O-O O-O 11. Rac1 Rc8 12. h3 Re8 13. Rc2 Qb6 14. Rfc1
Rc7 15. Nb5 Rxc2 16. Rxc2 Ne4 17. Nxd6 Qxd6 18. Bf4 Qe7 19. Rc7 Rd8 20. Rxb7
Ndc5 21. Rxe7 Nxd3 22. Rxa7 Nexf2 23. Re7 1/2-1/2

[Event "Bezmerov 2014 - Open A"]
[Site "Bezmerov"]
[Date "2014.07.19"]
[Round "6"]
[White "Pechacek, Tomas"]
[Black "Mica, Marek"]
[Result "1/2-1/2"]
[WhiteElo "1297"]
[BlackElo "1457"]
[LiveChessVersion "1.4.2"]

1. e4 c5 2. Nf3 d6 3. d4 cxd4 4. Nxd4 Nf6 5. Nc3 g6 6. Bg5 Bg7 7. Qd2 O-O
8. Rd1 Qa5 9. Bxf6 Bxf6 10. Nd5 Qc5 11. Nxf6+ exf6 12. Nb5 Rd8 13. Nxd6 Nc6
14. Qc3 Qxc3+ 15. bxc3 b6 16. Bc4 Be6 17. Bxe6 fxe6 18. Ke2 Kf8 19. Nb7 Rxd1
20. Rxd1 Ke7 21. Nd6 Rd8 22. Nc4 Rc8 23. f4 Nb4 24. cxb4 Rxc4 25. Kd3 Rxb4
26. c3 Ra4 27. Rd2 Ra5 28. Rb2 Rc5 29. Rb4 Ra5 30. a4 Kd6 31. Kd4 e5+ 32. fxe5+
fxe5+ 33. Kc4 Rc5+ 34. Kd3 Kc6 35. c4 Ra5 36. Kc3 a6 37. Kd3 Kc5 38. Kc3 h5
39. h4 1/2-1/2

[Event "Bezmerov 2014 - Open A"]
[Site "Bezmerov"]
[Date "2014.07.19"]
[Round "6"]
[White "Jancik, Radim"]
[Black "Haska, Filip"]
[Result "1-0"]
[WhiteElo "1335"]
[BlackElo "1385"]
[LiveChessVersion "1.4.2"]

1. e4 c5 2. Nf3 e6 3. c4 Nc6 4. d4 cxd4 5. Nxd4 Nf6 6. Nc3 Bb4 7. Nxc6 bxc6
8. Bd3 O-O 9. Bd2 d5 10. exd5 cxd5 11. a3 Ba5 12. O-O Re8 13. b4 Bc7 14. Bg5 Be5
15. Rc1 Qd6 16. g3 a6 17. Bxf6 Bxf6 18. cxd5 exd5 19. Nxd5 Bg5 20. Rc5 Rd8
21. Be4 Be6 22. f4 Bf6 23. Nxf6+ gxf6 24. Qxd6 Rxd6 25. Bxa8 Rd2 26. Rf2 Rd1+
27. Rf1 Rd2 28. Bg2 1-0

[Event "Bezmerov 2014 - Open A"]
[Site "Bezmerov"]
[Date "2014.07.19"]
[Round "6"]
[White "Richvalsky, Patrik"]
[Black "Seleng, Simon"]
[Result "1-0"]
[WhiteElo "1345"]
[BlackElo "1349"]
[LiveChessVersion "1.4.2"]

1. e4 e5 2. Nf3 Nc6 3. Bb5 a6 4. Ba4 Nf6 5. Nc3 d6 6. d3 Be7 7. h3 O-O 8. O-O
b5 9. Bb3 Bb7 10. Nd5 Nxd5 11. Bxd5 Na5 12. Bxb7 Nxb7 13. Be3 c5 14. a4 b4
15. b3 f5 16. exf5 Rxf5 17. Nh2 Bg5 18. Bxg5 Qxg5 19. Qg4 Qxg4 20. Nxg4 Nd8
21. Rae1 Nc6 22. Ne3 Rf6 23. Nd5 Re6 24. Nc7 Rae8 25. Nxe8 Rxe8 26. f4 Nd4
27. Rf2 a5 28. fxe5 dxe5 29. g4 h6 30. Kg2 g5 31. Kg3 Kg7 32. h4 Re7 33. h5 Re8
34. Kh2 Re7 35. Rc1 Rc7 36. Re1 Re7 37. Ref1 e4 38. dxe4 Rxe4 39. Rf7+ Kg8
40. Rf8+ 1-0

[Event "Bezmerov 2014 - Open A"]
[Site "Bezmerov"]
[Date "2014.07.19"]
[Round "7"]
[White "Gresova, Zuzana"]
[Black "Stalmach, Richard"]
[Result "1-0"]
[WhiteElo "1581"]
[BlackElo "1601"]
[LiveChessVersion "1.4.2"]

1. e4 e6 2. d4 d5 3. Nd2 Nf6 4. Bd3 c5 5. c3 Nc6 6. Ngf3 a6 7. O-O b5 8. Re1
Qb6 9. e5 Nd7 10. Qe2 cxd4 11. cxd4 Nxd4 12. Nxd4 Qxd4 13. Nf3 Qa7 14. Bf4 Bc5
15. Qd2 Nb6 16. b3 Qe7 17. Red1 Bb7 18. Bc2 Rd8 19. Be3 Bxe3 20. Qxe3 Nd7
21. Rd4 Rc8 22. Rc1 O-O 23. Rh4 h6 24. Rd4 Nb8 25. Rdd1 Nc6 26. Nd4 Nxd4
27. Qxd4 Rfd8 28. Bd3 Rxc1 29. Rxc1 Rc8 30. Rxc8+ Bxc8 31. Qb6 Qb7 32. Qd8# 1-0

[Event "Bezmerov 2014 - Open A"]
[Site "Bezmerov"]
[Date "2014.07.19"]
[Round "7"]
[White "Gnojek, Petr"]
[Black "Demko, Robert"]
[Result "1/2-1/2"]
[WhiteElo "1568"]
[BlackElo "1536"]
[LiveChessVersion "1.4.2"]

1. d4 d5 2. c4 dxc4 3. e4 e5 4. d5 Nf6 5. Nc3 Bb4 6. Qa4+ c6 7. Qxb4 cxd5
8. exd5 Nxd5 9. Qb5+ Nc6 10. Qxd5 Qc7 11. Bxc4 O-O 12. Nf3 Rd8 13. Qc5 b6
14. Qe3 Nd4 15. Bb3 Bg4 16. Nxe5 Nxb3 17. axb3 Qxc3+ 18. Bd2 Qxb2 19. Qc3 Rxd2
20. Qxb2 Rxb2 21. Nxg4 f5 22. Ne3 f4 23. Nc4 Re8+ 24. Kd1 Rxf2 25. Rxa7 Rxg2
26. Nxb6 Ree2 27. Nc4 Rxh2 28. Rxh2 Rxh2 29. Ne5 g6 30. Ra8+ Kg7 31. Ra7+ Kg8
32. Ng4 Rh4 33. Nf6+ Kh8 34. b4 g5 35. b5 Rh6 36. b6 Rxf6 37. b7 Rb6 38. Ra8+
Kg7 39. b8=Q Rxb8 40. Rxb8 Kg6 41. Ke2 g4 42. Rb5 h5 43. Kd3 h4 44. Ke4 f3
45. Rf5 h3 46. Rd5 h2 47. Rd1 Kg5 48. Ke3 Kh4 49. Kf2 Kh3 50. Ra1 g3+ 51. Kxf3
g2 52. Ra8 g1=N+ 53. Kf2 1/2-1/2

[Event "Bezmerov 2014 - Open A"]
[Site "Bezmerov"]
[Date "2014.07.19"]
[Round "7"]
[White "Koci, Tomas"]
[Black "Jancik, Radim"]
[Result "1-0"]
[WhiteElo "1364"]
[BlackElo "1335"]
[LiveChessVersion "1.4.2"]

1. d4 d5 2. Nf3 Nf6 3. e3 Bg4 4. Bd3 e6 5. b3 Nc6 6. Bb2 Bd6 7. O-O e5 8. Be2
Bxf3 9. Bxf3 e4 10. Be2 O-O 11. Nd2 Ne7 12. f3 c5 13. c3 Nc6 14. Qe1 b6 15. Bd1
Re8 16. Bc2 Qe7 17. fxe4 dxe4 18. Qh4 h6 19. Rf5 Kh7 20. Rxf6 Qxf6 21. Qxf6 gxf6
22. Nxe4 Kg7 23. Nxd6 Re6 24. Nf5+ Kf8 25. d5 1-0

[Event "Bezmerov 2014 - Open A"]
[Site "Bezmerov"]
[Date "2014.07.19"]
[Round "7"]
[White "Bosak, Rene"]
[Black "Richvalsky, Patrik"]
[Result "1-0"]
[WhiteElo "1279"]
[BlackElo "1345"]
[LiveChessVersion "1.4.2"]

1. e4 d5 2. exd5 Nf6 3. Nc3 Nxd5 4. d4 Nc6 5. Bc4 Nb6 6. Bb5 a6 7. Bxc6+ bxc6
8. Nf3 Nd5 9. Bd2 Bg4 10. O-O e6 11. Re1 Bd6 12. Ne4 O-O 13. c4 Nf6 14. Bg5 Be7
15. h3 Bh5 16. Ng3 Bxf3 17. gxf3 h6 18. Bf4 Bd6 19. Qd2 Rb8 20. b3 Bb4 21. Qe3
Bxe1 22. Rxe1 Re8 23. Kh2 Nh7 24. Rg1 g5 25. Nh5 Kf8 26. Bg3 Nf6 27. Nxf6 Qxf6
28. Bxc7 Rbc8 29. Bd6+ Kg8 30. f4 Kh7 31. fxg5 hxg5 32. Rxg5 Rg8 33. Qe4+ Rg6
34. Qh4+ Kg8 35. Be5 1-0

[Event "Bezmerov 2014 - Open A"]
[Site "Bezmerov"]
[Date "2014.07.19"]
[Round "7"]
[White "Slaba, Andrea"]
[Black "Vavrinkova, Eliska"]
[Result "1/2-1/2"]
[WhiteElo "1331"]
[BlackElo "1472"]
[LiveChessVersion "1.4.2"]

1. d4 d5 2. c4 c6 3. e3 Nf6 4. Nc3 e6 5. Bd2 Nbd7 6. Nf3 Be7 7. Be2 O-O 8. O-O
b6 9. a3 Bb7 10. b4 Rc8 11. c5 b5 12. Qc2 Ra8 13. a4 bxa4 14. Qxa4 a6 15. Ra2
Qc8 16. Rfa1 Bd8 17. Qc2 Bc7 18. e4 dxe4 1/2-1/2

[Event "Bezmerov 2014 - Open A"]
[Site "Bezmerov"]
[Date "2014.07.19"]
[Round "7"]
[White "Mica, Marek"]
[Black "Vsetulová, Viktorie"]
[Result "1-0"]
[WhiteElo "1457"]
[BlackElo "1236"]
[LiveChessVersion "1.4.2"]

1. d4 d5 2. c4 e6 3. Nc3 Nf6 4. Nf3 Bb4 5. Bg5 Nc6 6. e3 Bd7 7. Bd3 O-O 8. O-O
Re8 9. cxd5 Bxc3 10. dxc6 Bxb2 11. cxd7 Qxd7 12. Rb1 Ba3 13. Rxb7 Be7 14. Bb5
Qd5 15. Bxe8 Qxb7 16. Bxf6 Bxf6 17. Qa4 h6 18. Bc6 Qc8 19. Bxa8 Qxa8 20. Rc1 Qd8
21. Qc6 Qb8 22. Qxc7 Qb2 23. Qc2 Qb5 24. Rb1 Qh5 25. Rb8+ 1-0

[Event "Bezmerov 2014 - Open A"]
[Site "Bezmerov"]
[Date "2014.07.19"]
[Round "7"]
[White "Soban, Jan"]
[Black "Tajovsky, Matej"]
[Result "0-1"]
[WhiteElo "1000"]
[BlackElo "1447"]
[LiveChessVersion "1.4.2"]

1. e4 c5 2. Bc4 d6 3. Nc3 e6 4. Nf3 Nf6 5. d3 a6 6. O-O Be7 7. e5 Ng4 8. Be3 d5
9. Bb3 d4 10. Bxd4 cxd4 11. Ne2 Nc6 12. Nexd4 Nxd4 13. Nxd4 Qxd4 14. c3 Qf4
15. g3 Qg5 16. d4 Qh5 17. Qxg4 Qxg4 18. Bc2 Bd7 19. Rad1 Bc6 20. Rfe1 Qf3
21. Be4 Bxe4 22. Rxe4 Qxe4 23. a3 Qf3 24. Re1 h5 25. h4 g5 26. Re3 Qg4 27. f3
Qxg3+ 28. Kf1 gxh4 29. Ke2 h3 30. Kd3 Qg6+ 31. Kc4 h2 32. Re1 Qg2 33. f4 a5
34. b4 O-O-O 35. Kb5 h1=Q 36. Rxh1 Qc6+ 37. Kxa5 Qa6# 0-1